书目信息 |
| 题名: |
毛泽东文艺思想全书 下
|
|
| 作者: | 李准 , 丁振海 主编 | |
| 分册: | ||
| 出版信息: | 长春 吉林人民出版社 2005 |
|
| 页数: | 1073-2387页 | |
| 开本: | 27cm | |
| 丛书名: | ||
| 单 册: | ||
| 中图分类: | A841.691 | |
| 科图分类: | ||
| 主题词: | 毛泽东文艺思想--mao ze dong wen yi si xiang--百科全书 | |
| 电子资源: | ||
| ISBN: | 7-206-01418-6 | |
| 000 | 01117nam0 2200301 45 | |
| 001 | CAL 0120064092949 | |
| 005 | 20061103092754.29 | |
| 010 | @a7-206-01418-6@b精装@dCNY440.00 | |
| 092 | @aCN@b489804 | |
| 099 | @aCAL 0120064092949 | |
| 100 | @a20060929d2005 ekmy0chiy0121 ea | |
| 101 | 0 | @achi |
| 102 | @aCN@b220000 | |
| 105 | @ay fr 011zy | |
| 200 | 1 | @a毛泽东文艺思想全书 下@Amao ze dong wen yi si xiang quan shu xia@f主编 李准, 丁振海@Fzhu bian li zhun , ding zhen hai |
| 205 | @a第2版 | |
| 210 | @a长春@c吉林人民出版社@d2005 | |
| 215 | @a1073-2387页@d27cm | |
| 300 | @a纪念毛泽东《在延安文艺座谈会上的讲话》发表五十周年 | |
| 320 | @a有索引 | |
| 330 | @a本书为毛泽东文艺思想理论原理和实践成果及对其研究的总集,内容包括:总论、毛泽东文艺思想的理论原理、毛泽东与党和国家其他领导人主要文艺论著、党和国家有关文艺的政策法规等。 | |
| 606 | 0 | @a毛泽东文艺思想@Amao ze dong wen yi si xiang@j百科全书 |
| 690 | @aA841.691@v4 | |
| 701 | 0 | @a李准@Ali zhun@4主编 |
| 701 | 0 | @a丁振海@Ading zhen hai@4主编 |
| 801 | 0 | @aCN@bLZJBOOK@c20061103 |
| 905 | @aBZT@dA841.691@e1-2 | |
| 906 | @dCNY440.00@n0@r1 | |
| 毛泽东文艺思想全书 下/主编 李准, 丁振海.-第2版.-长春:吉林人民出版社,2005 |
| 1073-2387页;27cm |
| 纪念毛泽东《在延安文艺座谈会上的讲话》发表五十周年 |
| ISBN 7-206-01418-6(精装):CNY440.00 |
| 本书为毛泽东文艺思想理论原理和实践成果及对其研究的总集,内容包括:总论、毛泽东文艺思想的理论原理、毛泽东与党和国家其他领导人主要文艺论著、党和国家有关文艺的政策法规等。 |
| ● |
| 相关链接 |
|
|
|
正题名:毛泽东文艺思想全书 下
索取号:A841.691/1-2
 
预约/预借
| 序号 | 登录号 | 条形码 | 馆藏地/架位号 | 状态 | 备注 |
| 1 | 517876 | 230096611 | 中心书库南/001架A面3层5列/ [索取号:A841.691/1-2] | 在馆 | |
| 2 | 517877 | 230096610 | 中心书库南/001架A面3层5列/ [索取号:A841.691/1-2] | 在馆 | |
| 3 | 517878 | 230096612 | 中心书库南/001架A面3层5列/ [索取号:A841.691/1-2] | 在馆 | |
| 4 | 517879 | 230098438 | 中心书库南/001架A面3层5列/ [索取号:A841.691/1-2] | 在馆 | |
| 5 | 517880 | 230098436 | 中心书库南/001架A面3层5列/ [索取号:A841.691/1-2] | 在馆 | |
| 6 | 517881 | 230098434 | 中心书库南/001架A面3层5列/ [索取号:A841.691/1-2] | 在馆 | |
| 7 | 517882 | 230098435 | 中心书库南/001架A面3层5列/ [索取号:A841.691/1-2] | 在馆 | |
| 8 | 517883 | 230098437 | 思政阅览室/思1架A面1层1列/ [索取号:A841.691/1-2] | 在馆 | |
| 9 | 517884 | 230098578 | 中心书库南/001架A面3层5列/ [索取号:A841.691/1-2] | 在馆 | |
| 10 | 517885 | 230098576 | 中心书库南/001架A面3层5列/ [索取号:A841.691/1-2] | 在馆 | |
| 11 | 517886 | 230098574 | 中心书库南/001架A面3层5列/ [索取号:A841.691/1-2] | 在馆 | |
| 12 | 517887 | 230098575 | 中心书库南/001架A面3层5列/ [索取号:A841.691/1-2] | 在馆 | |
| 13 | 517888 | 230098577 | 中心书库南/001架A面3层5列/ [索取号:A841.691/1-2] | 在馆 |